ბათუმის შოთა რუსთაველის სახელმწიფო უნივერსიტეტის ბიბლიოთეკა

ლაბორატორიული მაჩვენებლები / (ბიბ.ჩანაწერი № 41513)

000 -ლიდერი
ფიქსირებული სიგრძის საკონტროლო ველი 01704nam a2200337Ia 4500
001 - საკონტროლო ნომერი
საკონტროლო ველი 8180
003 - საკონტროლო ნომრის იდენტიფიკატორი
საკონტროლო ველი GE_BSU
005 - ბოლო ოპერაციის თარიღი და დრო
საკონტროლო ველი 20240408110901.0
008 - ფიქსირებული სიგრძის მონაცემთა ელემენტები - ზოგადი ინფორმაცია
ფიქსირებული სიგრძის საკონტროლო ველი 181216s2012||||ge |||||||||||||| ||geo||
020 ## - წიგნის საერთაშორისო სტანდარტული ნომერი
International Standard Book Number 9789941048395
040 ## - კატალოგიზაციის წყარო
Transcribing agency GE_BSU
041 ## - ენის კოდი
Language code of text/sound track or separate title geo
080 ## - უნივერსალური ათობითი კლასიფიკაციის ინდექსი
Universal Decimal Classification number 616-074 დ-76
100 ## - მთავარი ჩანაწერი - პიროვნების სახელი
Personal name დორმანი, ა.
9 (RLIN) 21720
245 ## - ცნობა სათაურის შესახებ
Title ლაბორატორიული მაჩვენებლები /
Statement of responsibility, etc ა. დორმანი, კ. ლული, ქრ. ჰეერი ; რედ. : ირაკლო რცხილაძე, მ. ბალიაშვილი.
250 ## - გამოცემის ცნობა
Edition statement მე-5 გადამუშავებული და განახლებული გამოცემა
264 ## - წარმოების, გამოცემის, დისტრიბუციის და სხვა ცნობები
გამოცემის, წარმოების, დისტრიბუციის... ადგილი თბილისი :
გამოცემის, წარმოების, დისტრიბუციის... სახელწოდება ?,
გამოცემის, წარმოების, დისტრიბუციის... თარიღი 2012.
300 ## - ფიზიკური აღწერა
Extent 269 გვ. ;
Dimensions 15 სმ.
500 ## - ზოგადი შენიშვნა
General note თავფურცელზე : Munchen Urban & Fischer
500 ## - ზოგადი შენიშვნა
General note საძიებელი : გვ. 237-269
653 ## - INDEX TERM--UNCONTROLLED
Uncontrolled term ლაბორატორიული მაჩვენებლები
700 ## - ADDED ENTRY--PERSONAL NAME
Personal name ლული, კ.
Relator term ავტორი
9 (RLIN) 21721
700 ## - ADDED ENTRY--PERSONAL NAME
Personal name ჰეერი, ქრ.
Relator term ავტორი
9 (RLIN) 21722
700 ## - ADDED ENTRY--PERSONAL NAME
Personal name მოსულიშვილი, ია
Relator term მთარგმნელი
9 (RLIN) 21723
700 ## - ADDED ENTRY--PERSONAL NAME
Personal name ნემსაძე, ია
Relator term მთარგმნელი
9 (RLIN) 21724
700 ## - ADDED ENTRY--PERSONAL NAME
Personal name რცხილაძე, ირაკლი
Relator term რედაქტორი
9 (RLIN) 21725
700 ## - ADDED ENTRY--PERSONAL NAME
Personal name ბალიაშვილი, მანანა
Relator term რედაქტორი
9 (RLIN) 1339
710 ## - ADDED ENTRY--CORPORATE NAME
Corporate name or jurisdiction name as entry element სამედ. სამსახური "მრჩეველი"
9 (RLIN) 21726
942 ## - ADDED ENTRY ELEMENTS (KOHA)
Koha item type წიგნი
Source of classification or shelving scheme
ეგზემპლარები
ჩამოწერის სტატუსი დაკარგული ეგზემპლარის სტატუსი კლასიფიკაციის წყარო ან თაროზე გაწყობის სქემა დაზიანების სტატუსი არ გაიცემა მუდმივი მდებარეობა (დაცვის ადგილი) ამჟამინდელი ადგილსამყოფელი თაროზე განთავსების ადგილი შეძენის თარიღი ღირებულება, შესყიდვის ნორმალური ფასი სრული შენახვის შიფრი შტრიხკოდი ბოლო ოპერაციის თარიღი ეგზემპლარის მიმდევრობითი ნომერი (კეტერი?) ფასის ძალაში შესვლის თარიღი ეგზემპლარის სახეობა საჯარო შენიშვნა
          ბათუმის შოთა რუსთაველის სახელმწიფო უნივერსიტეტის მთავარი ბიბლიოთეკა ბათუმის შოთა რუსთაველის სახელმწიფო უნივერსიტეტის მთავარი ბიბლიოთეკა წიგნსაცავი 2018-12-17 20.00 616-074 დ-76 26521 2018-12-17 26521 2018-12-17 წიგნი 20.00 ₾.
          ბათუმის შოთა რუსთაველის სახელმწიფო უნივერსიტეტის მთავარი ბიბლიოთეკა ბათუმის შოთა რუსთაველის სახელმწიფო უნივერსიტეტის მთავარი ბიბლიოთეკა წიგნსაცავი 2018-12-17 20.00 616-074 დ-76 26522 2018-12-17 26522 2018-12-17 წიგნი 20.00 ₾.
          ბათუმის შოთა რუსთაველის სახელმწიფო უნივერსიტეტის მთავარი ბიბლიოთეკა ბათუმის შოთა რუსთაველის სახელმწიფო უნივერსიტეტის მთავარი ბიბლიოთეკა წიგნსაცავი 2018-12-17 20.00 616-074 დ-76 26523 2018-12-17 26523 2018-12-17 წიგნი 20.00 ₾.